000 00936nabaa22002057a 4500
999 _c6184
_d6184
003 OSt
005 20260125003232.0
008 190701b xxu||||| |||| 00| 0 spa d
040 _cPJ
100 _96925
_aAzar, Rocío María
245 1 3 _aEl procedimiento y el proceso contencioso administrativo desde una perspectiva constitucional y convencional /
_cRocío María Azar.
300 _ap. 112-122
500 _aCita: TR LALEY AR/DOC/1650/2024
505 _aSumario: I. Introducción.— II. La garantía de la tutela judicial efectiva.— III. Análisis de fallos.— IV. Conclusión.
505 _t¿Te interesa el texto completo? Comunicate al correo: koha@justierradelfuego.gov.ar
650 0 _9211
_aDERECHO ADMINISTRATIVO
650 0 _aPROCEDIMIENTO ADMINISTRATIVO
_91135
773 0 _02842
_93251
_dBuenos Aires : AbeledoPerrot, 2012-
_oDA121
_tDerecho administrativo. Nº 154 julio/agosto 2024
_z18510590
942 _2udc
_cANA